000 00812nam a22002777a 4500
001 5874
003 FISKH
005 20250127115037.0
008 250127b cb ||||| |||| 00| 0 eng d
020 _a9781408336366
040 _aFISKH
_beng
_cFISKH
_dFISKH
050 _aPZ7.
082 _a823.92
100 _aMagic, Rainbow
245 _aRainbow magic :
_bThe Weather Fairies /
300 _a29 pages :
_bcolor illustrations ;
_c22 cm
490 _vBeginner reader
505 _aG
520 _aThe Weather Fairies have a very special friend. His name is Alabaster the Unicorn, and he needs their help!
521 8 _a380
_bLexile estimate
521 8 _aG
_bRaz-Plus
650 _2Beginner
_aFriendship
650 _2Girl characters
_aHigh-low reader
942 _2ddc
_cBK
_n0
999 _c5874
_d5874